000
00280nam a2200121Ia 4500
008
221030s9999 xx 000 0 und d
041
_a
English
100
_a
B. Ghosh
245
0
_a
Strategic Management - An Assesssment
_c
by B. Ghosh
260
_c
0
650
_a
Mb
942
_c
BK
999
_c
13975
_d
13975